000 00686nam a22002297a 4500
003 UA-OsUOA
001 106155
007 ta
008 20140505b un ||||| |||| 00| 0 ukr d
100 _aмиронов В.
700 _aКанофьев В.
090 _a330
_bМ64
942 _cSA
040 _aUA-OsUOA
_brus
_cUA-OsUOA
_dUA-OsUOA
245 _aГрозящая рецессия и как с ней бороться: эмпирический анализ российских реалий и мирового опыта
300 _aС.78-108
955 _a0
041 _arus
080 _a330
773 0 _w106154
650 7 _a330 Економіка взагалі
_2UDC
999 _c392269
_d392269